| 000 | 00982nam a22002537a 4500 | ||
|---|---|---|---|
| 001 | BRCA_9362 | ||
| 003 | FranzMayer | ||
| 005 | 20230918122748.0 | ||
| 008 | 230828b |||||||| |||| 00| 0 eng d | ||
| 020 | _a9686661077 | ||
| 040 |
_aMFM _besp _cMFM |
||
| 050 | 0 |
_aNK844.M6 _bB45 1982 |
|
| 100 | 1 |
_4Autor _aBeltrán, Alberto _929346 |
|
| 240 |
_a1982 año interamericano de las artesanias _lEspañol |
||
| 245 | 0 |
_a1982 año interamericano de las artesanias _bLa pintura popular en México |
|
| 260 |
_aCDMX, México _bFONART _c1982 |
||
| 300 |
_a34 p _bIlustraciones _c21 cm |
||
| 500 | _aAnexo 1 | ||
| 500 | _aCon una dedicatoria para Ruth Lechuga en la página principal | ||
| 505 | _aTexto en: españolIncluye índice temáticoDirigido a: artistas, artesanos y otras personas con interés en las artes visuales. | ||
| 650 | 1 |
_2Artes visuales _aPintura _vMéxico _929347 |
|
| 710 | 1 |
_4Cool _aFONAPRIS _b1982 año interamericano de las artesanías _929348 |
|
| 942 |
_2lcc _cH |
||
| 999 |
_c10984 _d10984 |
||